000
00313nam a22001457a 4500
008
221012b ||||| |||| 00| 0 eng d
020
_a
0821216635
041
_a
eng
080
_a
7
082
_a
7
100
_a
21.1
101
_a
art
245
_a
THE IMPRESSIONIST REVOLUTION
_c
BERNARD B
942
_2
udc
_c
BK
999
_c
58520
_d
58520